| 000 | 00355 a2200169 4500 | ||
|---|---|---|---|
| 001 | 161448 | ||
| 020 | _a85-322-1240-9 | ||
| 040 | _cMagnum | ||
| 100 | _aBraz, Julio Emilio | ||
| 240 | 1 | 0 |
_aOs bons de bola _lpor |
| 245 | 1 | 0 | _aOs bons de bola |
| 300 | _a55 | ||
| 362 | 0 | _a1994 | |
| 440 | 1 | _aFTD | |
| 697 | _aLITERATURA INFANTO-JUVENIL | ||
| 942 | _cBK | ||
| 999 |
_c161448 _d161448 |
||